Calefacción y climatización / (Record no. 31331)

MARC details
000 -LEADER
campo de control de longitud fija 00589nam a2200181 i 4500
001 - NÚMERO DE CONTROL
campo de control 31331
003 - IDENTIFICADOR DE NÚMERO DE CONTROL
campo de control ES-MaACL
005 - FECHA Y HORA DE LA ÚLTIMA TRANSACCIÓN
campo de control 20230906154348.0
007 - CAMPO FIJO DE DESCRIPCIÓN FÍSICA--INFORMACIÓN GENERAL
campo de control de longitud fija t|
008 - DATOS DE LONGITUD FIJA--INFORMACIÓN GENERAL
campo de control de longitud fija 030128s1969 sp ||||1| spa d
100 1# - ENTRADA PRINCIPAL--NOMBRE DE PERSONA
Nombre de persona Belakhowsky, S.
9 (RLIN) 27114
245 10 - MENCIÓN DEL TÍTULO
Título Calefacción y climatización /
Mención de responsabilidad, etc. S. Belakhowsky ; prólogo de J. Cl. Daufresne ; [traducido por Manuel Sagardía Valcarce].
260 ## - PUBLICACIÓN, DISTRIBUCIÓN, ETC.
Lugar de publicación, distribución, etc. Madrid :
Nombre del editor, distribuidor, etc. Paraninfo,
Fecha de publicación, distribución, etc. [1969]
300 ## - DESCRIPCIÓN FÍSICA
Extensión 430 p. ;
Dimensiones 22 cm.
700 1# - ENTRADA AGREGADA--NOMBRE PERSONAL
Nombre de persona Daufresne, J. Cl.
9 (RLIN) 42813
700 1# - ENTRADA AGREGADA--NOMBRE PERSONAL
Nombre de persona Sagardía Valcarce, Manuel.
9 (RLIN) 101404
852 ## - LOCALIZACIÓN
Ubicación ES-MaACL
Número de control de estantería C-47330
Sublocalización o colección R.68802
Holdings
Estatus retirado Estado de pérdida Estado de daño No para préstamo Biblioteca de origen Biblioteca actual Ubicación en estantería Fecha de adquisición Fuente de adquisición Total de préstamos Signatura topográfica completa Código de barras Visto por última vez Precio de reemplazo Tipo de ítem Koha
        Biblioteca del Ateneo de Madrid Biblioteca del Ateneo de Madrid Depósito 2 17/01/2008     C-47330 1032378 23/02/2023 23/02/2023 Libro impreso